Trăn trở ngàn năm : Huyền thoại - Truyền thuyết Đinh Lê ở Hà Nam

Được chuyển thể từ tác phẩm thơ đồ sộ Hoàn Vương Ca Tích kết hợp với những huyền thoại, truyền thuyết được tác giả sưu tầm, tìm hiểu về thời Đinh - Lê, cùng mảnh đất Hà Nam thời bấy giờ. Ngoài ra, còn có các thần tích, thần phả...

Deskribapen osoa

Gorde:
Xehetasun bibliografikoak
Erakunde egilea: Hội văn nghệ dân gian Việt Nam
Formatua: Liburua
Hizkuntza:Undetermined
Argitaratua: Hà Nội Thời Đại 2014
Gaiak:
Etiketak: Etiketa erantsi
Etiketarik gabe, Izan zaitez lehena erregistro honi etiketa jartzen!
Thư viện lưu trữ: Trung tâm Học liệu Trường Đại học Cần Thơ
LEADER 01388nam a2200217Ia 4500
001 CTU_210524
008 210402s9999 xx 000 0 und d
082 |a 398.27 
082 |b H452 
110 |a Hội văn nghệ dân gian Việt Nam 
245 0 |a Trăn trở ngàn năm : 
245 0 |b Huyền thoại - Truyền thuyết Đinh Lê ở Hà Nam 
245 0 |c Bùi Văn Cường, Nguyễn Tế Nhị, Nguyễn Văn Điểm (Sưu tầm, biên soạn) 
260 |a Hà Nội 
260 |b Thời Đại 
260 |c 2014 
520 |a Được chuyển thể từ tác phẩm thơ đồ sộ Hoàn Vương Ca Tích kết hợp với những huyền thoại, truyền thuyết được tác giả sưu tầm, tìm hiểu về thời Đinh - Lê, cùng mảnh đất Hà Nam thời bấy giờ. Ngoài ra, còn có các thần tích, thần phả của các đền miếu có liên quan đến thời Đinh - Lê, giúp chúng ta có cơ hội đến những vùng đất, những chứng tích xưa nay ta chua thấy nhắc đến trong sử sách... 
650 |a Vietnam,Việt Nam 
650 |x History,Lịch sử 
904 |i Lư Phạm Mỹ Dung,Hải 
980 |a Trung tâm Học liệu Trường Đại học Cần Thơ